Normal view
MARC view
Entry Personal Name
001 - CONTROL NUMBER
- control field: 56776
003 - CONTROL NUMBER IDENTIFIER
- control field: MY-SjTCS
005 - DATE AND TIME OF LATEST TRANSACTION
- control field: 20191205134536.0
008 - FIXED-LENGTH DATA ELEMENTS
- fixed length control field: 111230nn a|a||abb| a a|a d
039 #9 -
- : 201112301707
- : shuhada
040 ## - CATALOGING SOURCE
- Original cataloging agency: VRT
- Transcribing agency: VRT
100 1# - HEADING--PERSONAL NAME
- Personal name: Baer, Jay,
- Dates associated with a name: 1969-
670 ## - SOURCE DATA FOUND
- Source citation: The now revolution, c2011.:
- Information found: t.p. (Jay Baer & Amber Naslund.)
999 ## -
- : VIRTUA4 x
999 ## -
- : VTLSSORT0080*0400*1000*6700*9991